Geografia (Record no. 60333)

MARC details
000 -LÍDER
campo de controle de tamanho fixo 00322 a2200157 4500
001 - NÚMERO DE CONTROLE
campo de controle 60333
020 ## - ISBN - INTERNATIONAL STANDARD BOOK NUMBER
ISBN - International Standard Book Number 9788530506179
040 ## - FONTE DA CATALOGAÇÃO
Instituição que transcreveu o registro Anchieta - Pituba
100 ## - ENTRADA PRINCIPAL--NOME PESSOAL
Nome pessoal Maestro, Valter
240 10 - TÍTULO UNIFORME
Título uniforme Geografia
Idioma da obra por
245 10 - TÍTULO
Título Geografia
300 ## - DESCRIÇÃO FÍSICA
Extensão 240
362 0# - DATAS DE PUBLICAÇÃO E/OU DESIGNAÇÃO SEQUENCIAL
Datas de publicação e/ou designação sequencial 2009
650 #4 - ASSUNTO--TERMO TÓPICO
Cabeçalho tópico ou nome geográfico Geografia e viagens
942 ## - ELEMENTOS DE ENTRADA ADICIONADOS (KOHA)
Tipo de material Koha Livros
Holdings
Situação do descarte Situação das perdas Situação física Não pode ser emprestado Biblioteca de origem Biblioteca atual Data de aquisição Total de empréstimos Código de barras Data de último acesso Data do preço efetivo Tipo de material Koha Número de chamada completo
        Colégio Anchieta - Pituba Colégio Anchieta - Pituba 21/11/2023   12005/PIT 21/11/2023 21/11/2023 Livros  
        Colégio Anchieta - Pituba Colégio Anchieta - Pituba 21/11/2023   14719/PIT 21/11/2023 21/11/2023 Livros 910 C348g CAS GEO
        Colégio Anchieta - Pituba Colégio Anchieta - Pituba 21/11/2023   18424/PIT 21/11/2023 21/11/2023 Livros 910 C348g CAS GEO